| 000 | 01480cad a22002415a 4500 | ||
|---|---|---|---|
| 001 | L143919 | ||
| 008 | 080605e20080604xxk f f000 0 eng d | ||
| 035 | _a(Sirsi) u143919 | ||
| 041 | 0 | _aeng | |
| 050 | 0 | 4 | _a711.3 $2 18 |
| 110 | 1 |
_aUnited Kingdom _bDepartment for Communities and Local Government _94939 |
|
| 245 | 0 | 0 |
_aInfrastructure delivery _bspatial plans in practice supporting the reform of local planning _h[electronic resource] |
| 260 |
_aLondon _bTSO _c2008 |
||
| 520 | _aThis report shows the role of spatial plans in the delivery of infrastructure requirements resulting from the reformed spatial planning process. Reviews and analyses relevant government policy statements and previous research. Presents a small number of case studies. Identifies good practice. Stresses the importance of delivery in successful implementation. Finds that there is a gap between government expectations and current practice. Sometimes this gap includes a lack of basic knowledge and understanding of the issues. | ||
| 590 | _aKA NTK | ||
| 650 | 2 | 4 | _aPLANNING POLICY STATEMENT 12 |
| 650 | 2 | 4 | _aREGIONAL SPATIAL STRATEGIES |
| 651 | 4 |
_aUnited Kingdom _y |
|
| 690 | _aENVIRONMENTAL AND LAND CONSULTANCY-PLANNING AND DEVELOPMENT-PLANNING GUIDANCE | ||
| 710 | 2 |
_aPlanning Advisory Service _95078 |
|
| 856 | 4 | 0 |
_uhttps://www.communities.gov.uk/documents/planningandbuilding/pdf/spatialplaninfrastructure.pdf _zView the report free of charge at www.communities.gov.uk... |
| 942 | _n0 | ||
| 999 |
_c108320 _d108320 |
||